header

Trysts with democracy (Record no. 142825)

MARC details
000 -LEADER
fixed length control field 01550nam a2200385 a 4500
082 04 - DEWEY DECIMAL CLASSIFICATION NUMBER
Classification number 320.954
245 00 - TITLE STATEMENT
Title Trysts with democracy
260 ## - PUBLICATION, DISTRIBUTION, ETC. (IMPRINT)
Place of publication London ;
-- New York :
Name of publisher Anthem Press,
Year of publication c2011.
300 ## - PHYSICAL DESCRIPTION
Number of Pages xvii, 301 p. :
Other physical details map.
505 0# - FORMATTED CONTENTS NOTE
Formatted contents note pt. 1. Theoretical issues -- pt. 2. India -- pt. 3. Beyond India.
650 #0 - SUBJECT ADDED ENTRY--TOPICAL TERM
Topical Term Democracy
Topical Term Political participation
700 1# - ADDED ENTRY--PERSONAL NAME
Personal name Madsen, Stig Toft.
Personal name Nielsen, Kenneth Bo.
Personal name Skoda, Uwe,
856 40 - ELECTRONIC LOCATION AND ACCESS
Uniform Resource Identifier http://site.ebrary.com/lib/rucke/Doc?id=10523540

No items available.

© 2026 Rongo University
Contact us: librarian | system librarian | Rongo university